LEADER 02529nam 2200577Ia 450 001 9910451017503321 005 20200520144314.0 010 $a1-280-16845-5 010 $a0-203-97599-5 035 $a(CKB)1000000000252688 035 $a(EBL)238684 035 $a(OCoLC)475949007 035 $a(SSID)ssj0000223444 035 $a(PQKBManifestationID)11199080 035 $a(PQKBTitleCode)TC0000223444 035 $a(PQKBWorkID)10181843 035 $a(PQKB)10622352 035 $a(MiAaPQ)EBC238684 035 $a(Au-PeEL)EBL238684 035 $a(CaPaEBR)ebr10095786 035 $a(CaONFJC)MIL16845 035 $a(EXLCZ)991000000000252688 100 $a19920204d1992 uy 0 101 0 $aeng 135 $aur|n|---||||| 181 $ctxt 182 $cc 183 $acr 200 10$aPolitical dissidence under Nero$b[electronic resource] /$fVasily Rudich 210 $aLondon ;$aNew York $cRoutledge$dc1992 215 $a1 online resource (390 p.) 300 $aDescription based upon print version of record. 311 $a0-415-86541-7 311 $a0-415-06951-3 320 $aIncludes bibliographical references (p. 328-338) and indexes. 327 $aCover; POLITICAL DISSIDENCE UNDER NERO: The price of dissimulation; Copyright; CONTENTS; PREFACE; ACKNOWLEDGMENTS; INTRODUCTION: THE AGE OF DISSIMULATION; 1 THE YEARS OF EXPECTATION; I; II; III; IV; V; VI; 2 THE YEARS OF FRUSTRATION; I; II; III; IV; V; VI; VII; 3 THE YEARS OF ACTION; I; II; III; IV; V; VI; VII; VIII; IX; X; XI; 4 THE YEARS OF DECIMATION: I; I; II; III; IV; V; VI; 5 THE YEARS OF DECIMATION: II; I; II; III; IV; V; VI; 6 THE YEAR OF REVOLUTION; I; II; III; IV; CONCLUSION; NOTES; SELECT BIBLIOGRAPHY; INDEX OF NAMES; INDEX OF SUBJECTS 330 $aVasily Rudich examines dissidence under Nero from both historical and psychological perspectives and inquires into the balance of the universal and historically conditioned components of political behaviour. The careers of numerous dissident individuals and their attempts at accommodation to a hostile reality are discussed. 606 $aDissenters$zRome 607 $aRome$xPolitics and government$y30 B.C.-68 A.D 608 $aElectronic books. 615 0$aDissenters 676 $a937.07 676 $a937/.07 700 $aRudich$b Vasily$f1949-$0498116 801 0$bMiAaPQ 801 1$bMiAaPQ 801 2$bMiAaPQ 906 $aBOOK 912 $a9910451017503321 996 $aPolitical dissidence under Nero$9757129 997 $aUNINA LEADER 02066oam 2200589M 450 001 9910716302203321 005 20200213070901.7 035 $a(CKB)5470000002521118 035 $a(OCoLC)1065591728 035 $a(OCoLC)995470000002521118 035 $a(EXLCZ)995470000002521118 100 $a20071213d1927 ua 0 101 0 $aeng 135 $aurcn||||||||| 181 $ctxt$2rdacontent 182 $cc$2rdamedia 183 $acr$2rdacarrier 200 10$aAmending section 11 of the Merchant Marine Act, 1920, and to complete the construction loan fund. January 15, 1927. -- Ordered to be printed 210 1$a[Washington, D.C.] :$c[U.S. Government Printing Office],$d1927. 215 $a1 online resource (12 pages)$ctables 225 1 $aSenate report / 69th Congress, 2nd session. Senate ;$vno. 1254 225 1 $a[United States congressional serial set] ;$v[serial no. 8685] 300 $aBatch processed record: Metadata reviewed, not verified. Some fields updated by batch processes. 300 $aFDLP item number not assigned. 606 $aFederal aid to transportation 606 $aLegislative amendments 606 $aLoans 606 $aMerchant marine 606 $aGovernment auctions 606 $aFinance, Public 606 $aSecurities 606 $aShipbuilding 606 $aShips 608 $aLegislative materials.$2lcgft 615 0$aFederal aid to transportation. 615 0$aLegislative amendments. 615 0$aLoans. 615 0$aMerchant marine. 615 0$aGovernment auctions. 615 0$aFinance, Public. 615 0$aSecurities. 615 0$aShipbuilding. 615 0$aShips. 701 $aJones$b Wesley Livsey$f1863-1932$pRepublican (WA)$01389549 801 0$bWYU 801 1$bWYU 801 2$bOCLCO 801 2$bOCLCQ 906 $aBOOK 912 $a9910716302203321 996 $aAmending section 11 of the Merchant Marine Act, 1920, and to complete the construction loan fund. January 15, 1927. -- Ordered to be printed$93524107 997 $aUNINA